00966nam a2200289Ia 450000500170000000800370001702000180005404100080007210000350008024500860011525000340020130000250023549000300026050000420029065000380033265000420037065000340041265000370044694200150048326400290049833600270052733700330055433800280058704000350061508400110065099900150066120220317001823.0170410s2013 s g 000 f s a9788423342785 aspa1 aCela, Camilo Joséd1916-200213aLa familia de Pascual DuartecCamilo JoséCela ; introducción de Adolfo Sotelo a1a. edición, 6a impresión a247 páginasc19 cm aContemporánea Narrativa aIncluye datos biográficos del autor142LEMBaNovela españolaySiglo XX142LEMBaLiteratura españolaySiglo XX142LEMBaMuerte en la literatura142LEMBaViolencia en la literatura 2loccBKLIT aBarcelonabAustralc2013 atextobtxt2rdacontent asin mediaciónbn2rdamedia avolumenbnc2rdacarrier aCO-BoRNBPbspaerdacCO-BoRNBP aN CEL1 c8204d8204